| 000 -ლიდერი |
| ფიქსირებული სიგრძის საკონტროლო ველი |
01336nam a2200229Ia 4500 |
| 001 - საკონტროლო ნომერი |
| საკონტროლო ველი |
5168 |
| 003 - საკონტროლო ნომრის იდენტიფიკატორი |
| საკონტროლო ველი |
GE_BSU |
| 005 - ბოლო ოპერაციის თარიღი და დრო |
| საკონტროლო ველი |
20190628183130.0 |
| 008 - ფიქსირებული სიგრძის მონაცემთა ელემენტები - ზოგადი ინფორმაცია |
| ფიქსირებული სიგრძის საკონტროლო ველი |
181216s1977||||ge |||||||||||||| ||geo|| |
| 041 ## - ენის კოდი |
| Language code of text/sound track or separate title |
geo |
| 080 ## - უნივერსალური ათობითი კლასიფიკაციის ინდექსი |
| Universal Decimal Classification number |
621.86/87(075.8) ა-62 |
| 245 ## - ცნობა სათაურის შესახებ |
| Title |
ამწე-სატრანსპორტო მანქანები II ნაწილი: (ტვირთამწევი მანქანების ლითონკონსტრუქციები) |
| Remainder of title |
სახელმძღვ. / |
| Statement of responsibility, etc |
ვ. გოთოშია ; შ. სარიშვილი ; შ. სულხანიშვილი და სხვ.. რედ : პ.ლაბარტყავა. |
| 264 ## - წარმოების, გამოცემის, დისტრიბუციის და სხვა ცნობები |
| გამოცემის, წარმოების, დისტრიბუციის... ადგილი |
თბილისი : |
| გამოცემის, წარმოების, დისტრიბუციის... სახელწოდება |
განათლება, |
| გამოცემის, წარმოების, დისტრიბუციის... თარიღი |
1977. |
| 300 ## - ფიზიკური აღწერა |
| Extent |
242 გვ .: |
| Other physical details |
ილ ; |
| Dimensions |
27 სმ. |
| 504 ## - BIBLIOGRAPHY, ETC. NOTE |
| Bibliography, etc |
ბიბლიოგრ.; გვ.241 |
| 653 ## - INDEX TERM--UNCONTROLLED |
| Uncontrolled term |
ამწე-სატრანსპორტო მანქანები |
| 653 ## - INDEX TERM--UNCONTROLLED |
| Uncontrolled term |
ტვირთამწევი მანქანების ლითონკონსტრუქციები |
| 700 ## - ADDED ENTRY--PERSONAL NAME |
| Personal name |
სარიშვილი,შ. |
| 9 (RLIN) |
3091 |
| 700 ## - ADDED ENTRY--PERSONAL NAME |
| Personal name |
სულხანიშვილი,შ. |
| 9 (RLIN) |
3092 |
| 700 ## - ADDED ENTRY--PERSONAL NAME |
| Personal name |
ლაბარტყავა, პ |
| Relator term |
რედაქტორი |
| 9 (RLIN) |
523 |
| 942 ## - ADDED ENTRY ELEMENTS (KOHA) |
| Koha item type |
წიგნი |
| Source of classification or shelving scheme |
|